Statistiques concernant Disney paroles - L'amour est un cadeau

Cliquez ici pour prendre le quiz!

Statistiques générales

  • Ce quiz a été pris 602 fois
    (514 depuis la dernière actualisation)
  • Le résultat moyen est 163 sur 195

Statistiques - réponses

Réponse% Correct
un
96%
à
95%
cadeau
95%
cadeau.
95%
de
95%
est
94%
Je
94%
je
94%
L'amour
94%
vous.
94%
vous
94%
que
93%
Toute
93%
ce
92%
se
92%
une
92%
Le
91%
le
91%
ma
91%
j'ai
90%
J'ai
90%
vie
90%
comme
89%
des
88%
en
88%
nous
88%
dire
87%
dire.
87%
me
87%
87%
personne
87%
plus.
87%
plus
87%
c'est
86%
n'ai
86%
pour
86%
Chips
85%
passé
85%
qui
85%
si
85%
ne
84%
Nos
84%
portes
84%
fermées
83%
suis
83%
sur
83%
amour
82%
du
82%
jusqu'à
82%
Notre
82%
personnel.
82%
seule
82%
sont
82%
âmes
81%
beau.
80%
beau
80%
évident.
80%
façon
80%
mon
80%
phrases.
80%
vos
80%
autant.
79%
jusqu'au
79%
tombée
79%
trouvé
79%
Avec
78%
coeur
78%
inconnu
78%
l'expliquer.
78%
qu'un
78%
sentiment
78%
toutes
78%
adieu
77%
aux
77%
bien
77%
Comment
77%
connais
77%
Dîtes
77%
j'allais
77%
ressemble
77%
bonne
76%
chose
76%
étoile
76%
finisse
76%
cette
75%
encore
75%
expliquer ?
75%
nouveau.
75%
Oui !
75%
synchronisées
75%
chercher
74%
fête
73%
grande
73%
régale.
73%
royale
73%
temps
73%
attend
72%
envie
72%
ai
71%
insensée.
71%
réponse
71%
découvert
70%
Quoi ?
70%
douleurs
69%
jours
69%
aussi
68%
vu.
67%
m'épouser ?
64%
parce
64%
Voulez-vous
63%
totalement
61%
pris.
54%
sera
51%
idée
49%
Allez-y
46%
monde
41%
désire
30%

Distribution des résultats

Percentile par nombre de réponses

% des personnes avec chaque résultat

Votre développement - résultats

Vous n’avez pas pris ce quiz depuis la dernière actualisation